000 00391nam a2200133Ia 4500
008 220217s9999||||xx |||||||||||||| ||und||
020 _a81-317-1653-8
082 _a005.13 TIC
100 _aTickoo, Sham and Bhat, Meenu
_95965
245 0 _aLearning C++ programming concepts
260 _aPearson education of asia
_bNew Delhi
_c2008
300 _b250
650 _aPROGRAMMING LANGUAGE
999 _c177212
_d177212